La luna nueva

Spremljeno u:
Bibliografski detalji
Glavni autor: Tagore, Rabindranath (Autor)
Format: Knjiga
Jezik:španjolski
Izdano: Ciudad de México Porrua 1979
Izdanje:8a. ed
Serija:Sepan cuántos, 33
Teme:
Oznake: Dodaj oznaku
Bez oznaka, Budi prvi tko označuje ovaj zapis!

MARC

LEADER 00000nam a2200000 a 4500
001 UCY2241
003 CL-VaPUC
008 941018e19790000MX |||||||||||||||||spa|d
082 0 4 |a 891.403  |b TAG  |2 21 
100 0 |a Tagore, Rabindranath  |e author  |9 330288 
245 1 3 |a La luna nueva 
246 1 3 |a El jardinero 
246 1 3 |a El cartero del rey 
246 1 4 |a Las piedras hambrientas y otros cuentos 
250 |a 8a. ed 
300 |a 259 p 
942 |c BK 
945 |d 19941018 00:00:00  |a mfernand 
260 |a Ciudad de México  |b Porrua  |c 1979 
650 7 |a CUENTOS HINDUES  |2 CL-VaPUC  |9 330289 
583 |a last modification  |c 20181011 04:58:09  |k Rodrigo Vera 
490 0 |a Sepan cuántos, 33 
999 |c 230702  |d 230700 
952 |0 0  |1 0  |4 0  |6 891_403000000000000_TAG_1979  |7 0  |8 P  |9 233180  |a BIBARQ  |b BIBARQ  |d 2019-11-15  |i 3027376  |o 891.403 TAG 1979  |p 3027376  |r 2025-01-20  |w 2019-11-15  |y BK  |k ARQ